000 00457nam a2200193Ia 4500
005 20250425161535.0
008 250425s9999 xx 000 0 und d
041 _aspa
082 _a547.2
100 _aHOUSE, CHARLES H.
245 0 _aREACCIONES MODERNAS DE SÍNTESIS ORGÁNICA
250 _a1A ED.
260 _aBARCELONA
260 _aEspaña
_bREVERTE
_c1971
300 _a312
650 _aSINTESIS ORGANICA
942 _c01
010 _a22597
999 _c211240
_d211240